Código de Procedimiento Civil: edición oficial, Aprobada por Decreto Exento Nº 276, de 19 de enero de 2015, del Ministerio de Justicia

Shranjeno v:
Bibliografske podrobnosti
Korporativna značnica: Chile
Format: Knjiga
Jezik:španščina
Izdano: Santiago, Chile: Jurídica, 2015
Izdaja:Vigésima Primera Edición.
Teme:
Oznake: Označite
Brez oznak, prvi označite!

MARC

LEADER 00000cam a2200000 a 4500
001 UCE8835
003 CL-VaPUC
005 20250416110212.0
008 150904e20150000cl |||||||||||||||||spa|d
999 |c 360604  |d 360602 
020 |a 9789561023437 
040 |c Pontificia Universidad Católica de Valparaíso 
082 0 4 |a 347.83 CHI 2015  |2 21 
110 1 |a Chile  |9 890760 
245 1 0 |a Código de Procedimiento Civil: edición oficial, Aprobada por Decreto Exento Nº 276, de 19 de enero de 2015, del Ministerio de Justicia 
250 |a Vigésima Primera Edición. 
260 |a Santiago, Chile:  |b Jurídica,  |c 2015 
300 |a 495 páginas 
505 |a Mensaje del Código de Procedimiento Civil. Mensaje sobre modificaciones a este Código. Decreto N.º 1.107, del Ministerio de Justicia, que aprueba el texto del Código. Ley N.º 1.552. -Libro Primero. Disposiciones Comunes a Todo Procedimiento. -Libro Segundo. Del Juicio Ordinario. -Libro Tercero. De los Juicios Especiales. -Libro Cuarto. De los Actos Judiciales No Contenciosos. Apéndice (Actualizado al 15 de mayo de 2015): -Ley N.º 14.908. D.F.L. N.º 1. Fija el texto refundido, coordinado y sistematizado de la Ley sobre abandono de familia y pago de pensiones alimenticias. -Ley N.º 16.271. Ley de Impuesto a las Herencias, Asignaciones y Donaciones. -Ley N.º 18.120. Establece normas sobre comparecencia en juicio y modifica los artículos 4° del Código de Procedimiento Civil y 523 del Código Orgánico de Tribunales. -Ley N.º 20.066. Establece Ley de Violencia Intrafamiliar. -Ley N.º 19.968, crea los Tribunales de Familia. 
583 |a last modification  |c 20150904 11:50:00  |k Rodrigo Vera 
650 1 |a Derecho civil chileno  |9 320612 
650 1 |a Procedimiento civil   |z Chile  |9 890903 
650 1 0 |a Código civil chileno  |9 255931 
650 1 |a Juicio ordinario   |9 254867 
650 1 |a Juicios especiales  |9 348378 
650 1 |a  Actos judiciales no contenciosos  |9 391844 
942 |c BK  |2 ddc 
945 |d 20150904 11:50:00  |a gsalatino 
952 |0 0  |1 0  |3 erb  |4 0  |6 347_830000000000000_CHI_2015  |7 0  |8 R  |9 470475  |a BIBDER  |b BIBDER  |i 5196183  |o 347.83 CHI 2015  |p 5196183  |r 2023-01-25  |w 2019-11-23  |y BK_R  |z Catalogado en:20150904  |k DER 
952 |0 0  |1 0  |3 erb  |4 0  |6 347_830000000000000_CHI_2015  |7 0  |8 R  |9 470476  |a BIBDER  |b BIBDER  |i 5196167  |l 1  |o 347.83 CHI 2015  |p 5196167  |r 2023-01-25  |s 2022-05-27  |w 2019-11-23  |y BK_R  |z Catalogado en:20150904  |k DER 
952 |0 0  |1 0  |3 erb  |4 0  |6 347_830000000000000_CHI_2015  |7 0  |8 R  |9 470477  |a BIBDER  |b BIBDER  |i 5196175  |o 347.83 CHI 2015  |p 5196175  |r 2023-01-25  |w 2019-11-23  |y BK_R  |z Catalogado en:20150904  |k DER